000 00911nam a2200265Ia 4500
003 OSt
005 20220923211034.0
006 a|||||r|||| 00| 0
007 ta
008 Pun
020 _a8171436609 (hbk)
_c200
024 _a324,120
037 _b1008, 15/01/2018, H.K. Prakashan
_cTextual
040 _aARTS
_cARTS
_bPun
041 _2Pun
_aPun
082 _aO153:g, Q7
100 _aਰਜਿੰਦਰ ਕੌਰ, ਂਚ.
_9157451
245 0 _aਪੰਜਾਬੀ ਸਾਹਿਤ ਸਿੱਧਾਂਤਕਾਰੀ ਦੇ ਨਕF
260 _aਅੰਮ੍ਰਿਤਸਰ
_b ਰਵੀ ਸਾਹਿਤ ਪ੍ਰਕਾFਨ
_c2017
300 _a136ਪੰ
_ccm.
650 _a ਆਲੋਚਨਾ
_9156320
650 _aਪੰਜਾਬੀ ਸਾਹਿਤ
942 _hO153:g, Q7
_cTEXL
_2CC
999 _c294346
_d294346